Marketing Management (Record no. 290)

MARC details
000 -LEADER
fixed length control field 00390nam a22001697a 4500
005 - DATE AND TIME OF LATEST TRANSACTION
control field 20160429142122.0
008 - FIXED-LENGTH DATA ELEMENTS--GENERAL INFORMATION
fixed length control field 160429b xxu||||| |||| 00| 0 eng d
020 ## - INTERNATIONAL STANDARD BOOK NUMBER
ISBN 81-7446542-1
041 ## - LANGUAGE CODE
Language code of text/sound track or separate title eng
082 ## - DEWEY DECIMAL CLASSIFICATION NUMBER
Item number 00897
100 ## - MAIN ENTRY--AUTHOR NAME
Personal name Kazmi SHH
245 ## - TITLE STATEMENT
Title Marketing Management
260 ## - PUBLICATION, DISTRIBUTION, ETC. (IMPRINT)
Place of publication New Delhi
Name of publisher Excel Books,
Year of publication 2007
300 ## - PHYSICAL DESCRIPTION
Number of Pages 699
650 ## - SUBJECT ADDED ENTRY--TOPICAL TERM
Topical Term Management
942 ## - ADDED ENTRY ELEMENTS (KOHA)
Koha item type Books
Holdings
Lost status Damaged status Collection code Home library Current library Shelving location Date acquired Cost, normal purchase price Full call number Accession Number Koha item type
    MANAGEMENT JRU Library JRU Library SHELF-36-A 29/04/2016 350.00 00897 00897 Books
    MANAGEMENT JRU Library JRU Library SHELF-36-A 29/04/2016 350.00 00897 00898 Books
    MANAGEMENT JRU Library JRU Library SHELF-36-A 29/04/2016 350.00 00897 00899 Books
    MANAGEMENT JRU Library JRU Library SHELF - 69 I 15/12/2016   00897 21462 Books